The ultimate guide to the judicial services examination: (Record no. 163491)

MARC details
000 -LEADER
fixed length control field 00831nam a22002057a 4500
005 - DATE AND TIME OF LATEST TRANSACTION
control field 20190423110725.0
010 ## - LCCN (DPL NO)
LC control number B-728113
020 ## - INTERNATIONAL STANDARD BOOK NUMBER
International Standard Book Number 9788131253953
Terms of availability 1495.00
035 ## - SYSTEM CONTROL NUMBER
System control number B-728113
037 ## - SOURCE OF ACQUISITION
Source of stock number/acquisition Aksharesh Enterprises
082 ## - DEWEY DECIMAL CLASSIFICATION NUMBER
Classification number 340
100 ## - MAIN ENTRY--PERSONAL NAME
Personal name Rashid, M A
245 ## - TITLE STATEMENT
Title The ultimate guide to the judicial services examination:
Remainder of title for all states /
Statement of responsibility, etc by M A Rashid
250 ## - EDITION STATEMENT
Edition statement 6th ed.
260 ## - PUBLICATION, DISTRIBUTION, ETC. (IMPRINT)
Place of publication, distribution, etc Gurgaon, Haryana
Name of publisher, distributor, etc Lexis Nexis
Date of publication, distribution, etc 2018
270 ## - ADDRESS
Address 14th Floor, Building No. 10, Tower-B, DLF Cyber City, Phase II
City Gurgaon(Haryana)
Postal code 122002
300 ## - PHYSICAL DESCRIPTION
Extent xxiii, 1866p.
Dimensions 24cm(Pbk)
942 ## - ADDED ENTRY ELEMENTS (KOHA)
Source of classification or shelving scheme Dewey Decimal Classification
Item type English Books
Classification part 340
Call number suffix RAS
Holdings
Withdrawn status Lost status Not for loan Collection code Home library Current library Date acquired Source of acquisition Cost, normal purchase price Full call number Barcode Copy number Cost, replacement price Koha item type
      Non-fiction R.C.Libraries (BL-III) R.C.Libraries (BL-III) 18/04/2019 Aksharesh Enterprises/0015/15-04-19/01/11-04-19/16-04-19 1495.00 340 RAS B-728113 1 1495.00 English Books

© Delhi Public Library
Hit Counter
free hit counter